Guess the portuguese subdivision - Districts - Statistics

General Stats
  • This quiz has been taken 17 times
  • The average score is 13 of 20
Answer Stats
Clue District % Correct
This subdivision is called "The Pearl of the Atlantic" Madeira
100%
The subdivision with most parishes (freguesias) Braga
83%
This subdivision is known to be a tourist destination Faro
83%
The Zêzere, Côa and Mondego rivers born here Guarda
83%
The subdivision with most UNESCO Heritage Sites Lisbon
83%
The name of the country comes from the ancient name of the city seat Porto
83%
The biggest of the subdivisions by area Beja
67%
In this subdivision speaks the second official language of Portugal Bragança
67%
Most shale villages are located here Coimbra
67%
This subdivision is known for its surfing beaches Leiria
67%
The least populous of the subdivisions Portalegre
67%
The most northern of the portuguese subdivisions Viana do Castelo
67%
The subdivision with most municipalities Viseu
67%
This subdivision has 3 seats Azores
50%
The geographic center of mainland Portugal is located here Castelo Branco
50%
The largest dam is located here Évora
50%
The subdivision is divided in 3 natural regions: Charneca, Bairro and Lezíria Santarém
50%
The Marão, Larouco, Alvão, Cabreira and Barroso mountain ranges are located here Vila Real
50%
The subdivision it's known for the lagoon with the same name as the city seat Aveiro
33%
Is the most recent subdivision, created in 1926 Setúbal
33%
No matching quizzes found
Score Distribution
Percent of People with Each Score
Percentile by Number Answered
Your Score History
You have not taken this quiz